[Event "Ch Primorie (w)"]
[Site "masterchessopen.com Vladivostok (Russia)"]
[Round "7"]
[White "Zinkina Ekaterina (RUS)"]
[Black "Kovalkova Nadezhda (RUS)"]
[Result "0-1"]
[WhiteElo "2099"]
[BlackElo "1818"]

1.e4 c5 2.Nf3 Nc6 3.d4 cxd4 4.Nxd4 d6 5.Nc3 Nf6 6.Bg5 e6 7.Qd2 Be7 8.O-O-O d5
9.exd5 Nxd5 10.Bxe7 Ncxe7 11.Nxd5 Nxd5 12.Bd3 O-O 13.h4 Qf6 14.c4 Nf4 15.Be4
Rd8 16.Qe3 Rxd4 17.Rxd4 Qxd4 18.Qxf4 Qxc4+ 19.Kd2 f5 20.Qg5 fxe4 21.Qe7 Qd3+
22.Ke1 Qd7 {#R} 0-1

[Event "Ch Provinciale ME"]
[Site "masterchessopen.com Brolo (Italy)"]
[Round "3"]
[White "Napoli-Costa Aurelio (ITA)"]
[Black "Scattareggia Domenico (ITA)"]
[Result "1-0"]
[WhiteElo "2072"]
[BlackElo "2092"]

1.e4 c5 2.Nf3 Nc6 3.d4 cxd4 4.Nxd4 Nf6 5.Nc3 d6 6.Bg5 e6 7.Qd2 Be7 8.O-O-O O-O
9.Bxf6 Bxf6 10.Ndb5 Qa5 11.Qxd6 Rd8 12.Qc7 Rxd1+ 13.Kxd1 Bxc3 14.bxc3 Qxa2
15.Nd6 Bd7 16.Qxd7 Rd8 17.Qxf7+ Kh8 18.Bd3 Ne5 19.Qc7 Rf8 20.Ke2 Nxd3 21.Kxd3
Qa6+ 22.Ke3 Qa4 23.Qe7 Rb8 24.Nf7+ Kg8 25.Qxe6 h6 {#r} 1-0

[Event "It (open)"]
[Site "masterchessopen.com Prague (Czech Republic)"]
[Date "2007.01.12"]
[Round "2"]
[White "Schula Michal (CZE)"]
[Black "Paseka Christian (AUT)"]
[Result "1-0"]
[WhiteElo "2265"]
[BlackElo "1941"]

1.e4 c5 2.Nf3 d6 3.d4 cxd4 4.Nxd4 Nf6 5.Nc3 Nc6 6.Bg5 e6 7.Qd2 Be7 8.O-O-O
Nxd4 9.Qxd4 a6 10.f4 O-O 11.Be2 b5 12.Bf3 Bb7 13.e5 Bxf3 14.exf6 gxf6 15.gxf3
fxg5 16.Ne4 d5 17.Nxg5 Bxg5 18.Rhg1 f6 19.Qe3 Kf7 20.fxg5 f5 21.Qd4 a5 22.Qh4
Rh8 23.Qh6 Ke7 24.Rge1 Qd6 25.Qg7+ {#r} 1-0

[Event "Tournament"]
[Site "masterchessopen.com Zelenograd (Russia)"]
[Date "2007.02.23"]
[Round "2"]
[White "Tikhonov Anatoly (RUS)"]
[Black "Chesnokov Veniamin (RUS)"]
[Result "1-0"]
[WhiteElo "2061"]
[BlackElo "1914"]

1.e4 c5 2.Nf3 d6 3.d4 cxd4 4.Nxd4 Nf6 5.Nc3 Nc6 6.Bg5 e6 7.Qd2 Be7 8.O-O-O O-O
9.Bb5 Qb6 10.Nxc6 bxc6 11.Ba4 Rb8 12.Bb3 h6 13.Bxf6 Bxf6 14.Na4 Qc7 15.Qxd6
Qxd6 16.Rxd6 Bb7 17.Rhd1 Be5 18.Rd7 Bc8 19.Rxa7 Rb7 20.Rxb7 Bxb7 21.g3 g5
22.Nc5 {#r} 1-0

[Event "Bayern Oberliga 2006/07"]
[Site "masterchessopen.com Bayern (Germany)"]
[Date "2007.02.25"]
[Round "6"]
[White "Schaffranietz Horst (GER)"]
[Black "Trenchev Jolo (BUL)"]
[Result "0-1"]
[WhiteElo "1913"]
[BlackElo "2225"]

1.e4 c5 2.Nf3 Nc6 3.d4 cxd4 4.Nxd4 Nf6 5.Nc3 d6 6.Bg5 e6 7.Qd2 Be7 8.O-O-O O-O
9.Kb1 Bd7 10.h4 Nxd4 11.Qxd4 Qa5 12.Be2 Bc6 13.Rd3 Qb6 14.Qxb6 axb6 15.Rg3
Rfe8 16.e5 dxe5 17.h5 Nd5 18.Ne4 Bxg5 19.Rxg5 h6 20.Rg3 Red8 21.Bd3 Kf8 22.Rh4
Nf4 23.Nc3 Rd4 24.b3 Nxd3 25.Rxd4 exd4 26.Ne2 Nxf2 27.Nxd4 Rd8 28.c3 Ne4
29.Nxc6 Rd1+ 30.Kc2 Nxg3 31.Kxd1 bxc6 {#R} 0-1

[Event "It (open)"]
[Site "masterchessopen.com La Laguna (Spain)"]
[Date "2007.03.05"]
[Round "1"]
[White "Hernandez Leon Alberto (ESP)"]
[Black "Febles Dominguez Alfonso Jesus (ESP)"]
[Result "1-0"]
[WhiteElo "2207"]
[BlackElo "1471"]

1.e4 c5 2.Nf3 Nc6 3.d4 cxd4 4.Nxd4 d6 5.Nc3 Nf6 6.Bg5 e6 7.Qd2 Be7 8.O-O-O h6
9.Bxf6 Bxf6 10.Ndb5 Be7 11.Nxd6+ Bxd6 12.Qxd6 Qxd6 13.Rxd6 O-O 14.Bb5 Ne5
15.f4 Ng6 16.g3 a6 17.Bd3 b5 18.e5 Bb7 19.Rd1 Ne7 20.Rd7 Bf3 21.Rf1 b4 22.Rxf3
bxc3 23.Rxe7 cxb2+ 24.Kxb2 a5 25.f5 exf5 26.Rxf5 a4 27.Bc4 Rab8+ 28.Kc3 Rbc8
29.Rfxf7 Rxc4+ 30.Kxc4 Rxf7 31.Rxf7 Kxf7 32.Kb5 {#r} 1-0

[Event "Ch Central Region"]
[Site "masterchessopen.com Tula (Russia)"]
[Date "2007.03.24"]
[Round "8"]
[White "Diordiyaschenko Dmitry (RUS)"]
[Black "Chuzhakin Evgeny (RUS)"]
[Result "0-1"]
[WhiteElo "1837"]
[BlackElo "2112"]

1.e4 c5 2.Nf3 Nc6 3.d4 cxd4 4.Nxd4 Nf6 5.Nc3 d6 6.Bg5 e6 7.Qd2 Be7 8.h4 h6
9.Be3 a6 10.f3 Qc7 11.g4 Nd7 12.Bc4 Nxd4 13.Qxd4 Bf6 14.e5 Nxe5 {#R} 0-1

[Event "It (open)"]
[Site "masterchessopen.com San Sebastian (Spain)"]
[Date "2007.04.06"]
[Round "7"]
[White "Gonzalez De La Torre Sant (ESP)"]
[Black "Llaneza Vega Patricia (ESP)"]
[Result "1-0"]
[WhiteElo "2399"]
[BlackElo "2272"]

1.e4 c5 2.Nf3 Nc6 3.d4 cxd4 4.Nxd4 Nf6 5.Nc3 d6 6.Bg5 e6 7.Qd2 Be7 8.O-O-O
Nxd4 9.Qxd4 h6 10.Bb5+ Bd7 11.Bxf6 gxf6 12.Bxd7+ Qxd7 13.f4 Rg8 14.g3 b5
15.Kb1 Rc8 16.e5 fxe5 17.fxe5 d5 18.Qd3 Rc4 19.b3 Rcg4 20.Nxb5 Qb7 21.Rhf1 h5
22.Nd4 h4 23.Qh7 R4g7 24.Qh5 Qa6 25.gxh4 Bc5 26.Nf3 Qe2 27.Rde1 Qg2 28.Qg5
{#r} 1-0

[Event "It (cat.12)"]
[Site "masterchessopen.com Gausdal (Norway)"]
[Date "2007.04.24"]
[Round "7"]
[White "Kulaots Kaido (EST)"]
[Black "Krush Irina (USA)"]
[Result "1-0"]
[WhiteElo "2547"]
[BlackElo "2475"]

{ Kulaots Kaido (EST) +1 =0 -0 Krush Irina (USA) +4 =0 -6 } 1.e4 c5 2.Nf3 d6
3.d4 cxd4 4.Nxd4 Nf6 5.Nc3 Nc6 6.Bg5 e6 7.Qd2 { ?/= } 7...Qb6 ( 7...Be7
8.O-O-O O-O ( 8...Nxd4 9.Qxd4 a6 10.Kb1 O-O 11.e5 dxe5 12.Qxe5 Bd7 13.Bd3 Qb8
14.Bxf6 Bxf6 15.Qxb8 Raxb8 16.Bxh7+ Kxh7 17.Rxd7 Bxc3 18.bxc3 Kg6 19.Rhd1 f5
20.Re7 Kf6 21.Rdd7 g5 22.Rxb7 Rxb7+ 23.Rxb7 g4 24.c4 Rc8 25.Ra7 Rxc4 26.Rxa6
Rf4 27.a4 { ...0-1, Gurevich Ilya 2580 - Kasparov Garry 2815 , Internet 1.
7.1998 Blitz } ) 9.f3 d5 10.exd5 Nxd5 11.Bxe7 Ncxe7 12.Nxd5 Nxd5 13.c4 Nb6
14.Nb5 Bd7 15.Qf4 Qe7 16.Nd6 Bc6 17.Bd3 Rfd8 18.Bc2 e5 19.Nf5 Qf6 20.Qg4 g6
21.Ng3 Kf8 22.Ne4 Qe7 23.Ng5 h6 24.Nh3 Bd7 25.Qe4 Rac8 26.Kb1 Nxc4 27.g4 {
...0-1, Paehtz Elisabeth 2456 - Krush Irina 2436 , Dortmund 5. 8.2006 Match }
) ( 7...a6 8.O-O-O h6 9.Be3 Be7 10.f3 Nxd4 11.Qxd4 b5 12.Kb1 Bb7 13.h4 Rc8
14.Be2 d5 15.exd5 Nxd5 16.Nxd5 Bxd5 17.Qxg7 Bf6 18.Qg4 Bxa2+ 19.Kxa2 Qa5+
20.Kb1 Bxb2 21.Kxb2 Qc3+ 22.Ka2 Qxc2+ 23.Ka1 Qc3+ 24.Ka2 Qc2+ { 1/2-1/2,
Kasparov Garry 2851 - Kramnik Vladimir 2760 , Frankfurt 1999 It (active)
(cat.21) } ) ( 7...Nxd4 8.Qxd4 Bd7 9.Nb5 Qb8 10.O-O-O a6 11.Nxd6+ Bxd6 12.Bxf6
Bf4+ 13.Kb1 gxf6 14.Qxd7+ Kf8 15.g3 Bc7 16.Bh3 b5 17.Qc6 Ra7 18.Bxe6 fxe6
19.Qxe6 Bd8 20.Rd6 Be7 21.Rhd1 Rg8 22.Rxa6 Rxa6 23.Qxa6 Kf7 24.a4 bxa4 25.Qc4+
Kf8 26.Qxa4 Rg5 27.Rd5 { ...0-1, Ivanchuk Vassily 2720 - Salov Valery 2655 ,
Linares 1992 It } ) 8.O-O-O Be7 ( 8...Qxd4 9.Qxd4 Nxd4 10.Rxd4 a6 11.f3 Rb8
12.Bc4 b5 13.Bb3 Nd7 14.Rd2 Be7 15.Bf4 Ne5 16.a4 g5 17.Bxe5 dxe5 18.axb5 g4
19.Kb1 gxf3 20.gxf3 Bb4 21.Rhd1 Ke7 22.bxa6 Bxc3 23.bxc3 Bxa6 24.Kb2 Rhg8
25.Ra1 Bb5 26.Ra5 Rg1 27.Ka2 Rf1 28.c4 { ...0-1, Ramesh R B 2487 - Kotsur
Pavel 2587 , Hyderabad 10.10.2005 Ch Asia } ) 9.Bxf6 ( 9.Be3 Ng4 10.Ndb5 Nxe3
11.Qxe3 Qxe3+ 12.fxe3 O-O 13.Nxd6 Ne5 14.Rd4 a6 15.a4 Ng4 16.Nd1 e5 17.Nxc8
Raxc8 18.Rd7 Bg5 19.Rxb7 Bxe3+ 20.Nxe3 Nxe3 21.Bxa6 Nxc2 22.Kb1 Nd4 23.Rc1 Ra8
24.Rb6 g6 25.a5 Rfd8 26.b4 Nb3 27.Rc2 Rd1+ 28.Kb2 Nd4 { ...1-0, Kulaots Kaido
2558 - Smirnov Artem 2375 , Tallinn 31. 8.2005 Memorial P.Keres (cat.9) } ) (
9.Nb3 O-O 10.f3 Rd8 11.Nb5 Rd7 12.Qe1 a6 13.N5d4 Qc7 14.h4 Ne5 15.Kb1 b5 16.g4
d5 17.Bxf6 gxf6 18.f4 Ng6 19.f5 Nf4 20.g5 e5 21.Qg3 Kh8 22.g6 Bf8 23.gxh7 Ng6
24.fxg6 exd4 25.g7+ Bxg7 26.Qg2 f5 27.exf5 Rd8 28.Bd3 Bf6 { ...1-0, Anand
Viswanathan 2762 - Avrukh Boris 2625 , Haifa 2000 It (active) } ) 9...Bxf6 (
9...gxf6 10.Ndb5 O-O 11.Qh6 Kh8 12.Rd3 Rg8 13.Nxd6 Ne5 14.Rh3 { 1-0, Sulskis
Sarunas 2504 - Balogh Csaba 2567 , Warsaw 18.12.2005 Ch Europe (active) } )
10.Nxc6 bxc6 11.Na4 Qb7 12.Qxd6 Be7 13.Qg3 { -0.11 CAP N } ( 13.Qd4 O-O 14.e5
Rb8 15.Bd3 Qc7 16.c4 f5 17.Bc2 c5 18.Qe3 Qb7 19.g3 Bd7 20.Qa3 Bc6 21.Rhe1 Qa6
22.f4 Qxc4 23.Nc3 Qb4 24.Qxb4 cxb4 25.Ne2 Bd5 26.Bb3 Bxb3 27.axb3 Rbc8+ 28.Kb1
Rfd8 29.Rxd8+ Rxd8 30.Kc2 Rc8+ 31.Kd2 Rd8+ 32.Kc2 Rc8+ { ...1/2-1/2, Yemelin
Vasily 2520 - Motylev Alexander 2660 , Sochi 20. 4.2006 Ch Russia (club) } )
13...O-O 14.Bc4 c5 15.Nc3 Bd7 { ?! } ( 15...a6 { !? } 16.Rd3 Bd7 17.Rhd1 Rfd8
18.b3 a5 { } ) 16.Ba6 Qxa6 17.Rxd7 Bf6 18.e5 Bd8 19.Rhd1 Rb8 20.Kb1 Qa3 21.b3
c4 22.Ne4 a5 23.R1d4 cxb3 24.axb3 Kh8 25.Nd6 { } {#r} 1-0

[Event "Ch Netherlands (juniors) (under 20) (g)"]
[Site "masterchessopen.com Venlo (Netherlands)"]
[Date "2007.04.27"]
[Round "1"]
[White "Geragousian Biaina (NED)"]
[Black "Brandenburg Lucia (NED)"]
[Result "1-0"]
[WhiteElo "1994"]
[BlackElo "1920"]

1.e4 c5 2.Nf3 Nc6 3.d4 cxd4 4.Nxd4 Nf6 5.Nc3 d6 6.Bg5 e6 7.Qd2 Bd7 8.f3 a6
9.g4 Qb6 10.Nb3 Be7 11.Be3 Qc7 12.g5 Ne5 13.Qe2 Ng8 14.f4 Nc6 15.O-O-O b5
16.Qf2 Rb8 17.Kb1 Na5 18.Nxa5 Qxa5 19.Bg2 b4 20.Ne2 Ba4 21.Nd4 Rc8 22.Nb3 Qb5
23.Rhf1 a5 24.e5 d5 25.f5 Qc6 26.fxe6 Qxe6 27.Bxd5 Qxe5 28.Bxf7+ {#r} 1-0

[Event "It (open) \"]
[Site "masterchessopen.com Wroclaw (Poland)"]
[Date "2007.04.30"]
[Round "4"]
[White "Szczepinski Michal (POL)"]
[Black "Pigula Marek (POL)"]
[Result "1-0"]
[WhiteElo "2304"]
[BlackElo "2230"]

1.e4 c5 2.Nf3 d6 3.d4 cxd4 4.Nxd4 Nf6 5.Nc3 Nc6 6.Bg5 e6 7.Qd2 Be7 8.O-O-O O-O
9.Nb3 Na5 10.Bxf6 Nxb3+ 11.cxb3 Bxf6 12.Qxd6 Qa5 13.b4 Qh5 14.f4 g5 15.Be2 Qh6
16.g3 b6 17.e5 gxf4 18.Bf3 fxg3+ 19.Kb1 Bb7 20.Bxb7 Rad8 21.Qc7 Rxd1+ 22.Rxd1
Qf4 23.hxg3 Qxg3 24.Ne4 Bxe5 {#r} 1-0

[Event "Cup Serbia (team)"]
[Site "masterchessopen.com Mataruska Banja (Serbia)"]
[Date "2007.05.22"]
[Round "2"]
[White "Pikula Dejan (SRB)"]
[Black "Damljanovic Branko (SRB)"]
[Result "0-1"]
[WhiteElo "2494"]
[BlackElo "2608"]

{ } 1.e4 c5 2.Nf3 d6 3.d4 cxd4 4.Nxd4 Nf6 5.Nc3 Nc6 6.Bg5 e6 7.Qd2 Be7 8.O-O-O
Qb6 9.Nb3 O-O 10.f3 a6 11.g4 { ? = } ( 11.h4 Qc7 12.h5 b5 13.h6 g6 14.Qf4 Ne8
15.Bxe7 Qxe7 16.Qe3 Rb8 17.Kb1 b4 18.Na4 Qc7 19.c4 Ne5 20.c5 Qc6 21.Nb6 dxc5
22.Nc4 Nd7 23.Be2 Qc7 24.Rd2 f6 25.Rc1 Rf7 26.f4 Bb7 27.Nca5 Bc8 28.Bg4 Re7
29.Nxc5 Qxa5 30.Nxd7 Bxd7 { ...1-0, Charbonneau Pascal 2501 - Korneev Oleg
2638 , Montreal 14. 8.2006 It (cat.15) } ) 11...Qc7 ( 11...Rd8 12.Bf4 d5 13.e5
Nd7 14.Be3 Qc7 15.f4 b5 16.Qf2 Rb8 17.Nd4 Nxd4 18.Bxd4 Nc5 19.Kb1 b4 20.Ne2 a5
21.Ng3 a4 22.Bd3 b3 23.cxb3 axb3 24.a3 Qa5 25.Nh5 Ne4 26.Bxe4 dxe4 27.Bc3 Qc7
28.f5 Ba6 29.Nf4 Bg5 30.h4 Bxf4 31.Qxf4 { ...0-1, Morozevich Alexander 2707 -
Ponomariov Ruslan 2704 , Wijk aan Zee 29. 1.2005 It (cat.19) } ) 12.Be3 (
12.h4 Rd8 13.Bxf6 Bxf6 14.g5 Be7 15.f4 b5 16.h5 b4 17.Na4 Rb8 18.g6 Bf6 19.Kb1
Na7 20.gxf7+ Kxf7 21.h6 g6 22.f5 exf5 23.exf5 Bxf5 24.Bh3 Bxh3 25.Rxh3 Kg8
26.Rf3 Rf8 27.Rdf1 Qe7 28.Nb6 Qe5 29.Nc4 Bg5 30.Nxe5 Bxd2 31.Nd7 Bxh6 {
...1-0, Jobava Baadur 2614 - Motylev Alexander 2651 , Dubai 2003 It (open) } )
( 12.f4 Rd8 13.Bxf6 Bxf6 14.g5 Be7 15.f5 b5 16.f6 Bf8 17.Bd3 b4 18.Ne2 a5
19.Kb1 Qb6 20.h4 a4 21.Nbc1 Ne5 22.h5 Ra7 23.Nf4 Qd4 24.Nce2 Qc5 25.Rdf1 a3
26.b3 g6 27.hxg6 fxg6 28.c3 bxc3 29.Qxc3 Qxc3 30.Nxc3 h6 31.Bc4 Re8 { ...1-0,
Kadrev Zdravko - Vasiukov Evgeni 2493 , Moscow 1964 Ch Armed Forces } )
12...b5 13.g5 ( 13.h4 Ne5 14.Nd4 b4 15.Nb1 Bb7 16.g5 Nfd7 17.Qf2 d5 18.g6 dxe4
19.gxf7+ Rxf7 20.Nxe6 Qc8 21.Ng5 Bxg5 22.hxg5 exf3 23.Qh4 g6 24.Qxb4 Qc7
25.Nc3 Re8 26.Bh3 Qc4 27.Qxb7 Nc5 28.Qd5 Ncd3+ 29.cxd3 { 1-0, Csonka Attila
1962 - Balogh Csaba 2367 , Hungary 14.10.2001 Ch Hungary (team) 2001/02 } ) (
13.Kb1 Nd7 14.f4 Nb6 15.Qf2 Na4 16.Ne2 Bb7 17.Bg2 Rac8 18.Nec1 b4 19.g5 Rfe8
20.h4 Na5 21.Nxa5 Qxa5 22.Nb3 Qc7 23.h5 a5 24.Rhe1 Bf8 25.Bf3 Red8 26.g6 hxg6
27.hxg6 fxg6 28.Rg1 Nc5 29.Nxc5 dxc5 30.Rxd8 Rxd8 31.Rxg6 Qf7 32.Rg1 c4 {
...1-0, Karpov Anatoly 2705 - Sosonko Gennadi 2535 , Waddinxveen 1979 } )
13...Nd7 14.f4 ( 14.Qf2 Rb8 15.Kb1 Nb6 16.h4 Na4 17.Ne2 Ne5 18.Bc1 Nc4 19.f4
Bb7 20.Bg2 Rfc8 21.Ng3 d5 22.Rd3 dxe4 23.Bxe4 Nd6 24.Bxb7 Qxb7 25.Re1 Rd8
26.h5 Nc4 27.f5 exf5 28.Nxf5 Bf8 29.Rg3 Nd6 30.g6 Nxf5 31.Qxf5 Qd7 32.gxh7+
Kh8 33.Qf2 Kxh7 { ...1-0, Spraggett Kevin 2526 - Estremera Panos Sergio 2354 ,
Sevilla 2002 It (open) } ) 14...Nb6 15.Bd3 ( 15.Qf2 Rb8 16.f5 b4 17.Ne2 Re8
18.f6 Bf8 19.fxg7 Bxg7 20.Ng3 Na4 21.Nd4 Nxd4 22.Rxd4 Bxd4 23.Bxd4 e5 24.Nh5
exd4 25.Nf6+ Kf8 26.Nd5 Qd8 27.Qh4 Re5 28.Nf6 Ke7 29.Bc4 Be6 30.Bxe6 Rxe6
31.Rf1 Qh8 32.Nd5+ Kf8 33.g6 Rb7 34.gxh7 d3 { ...1-0, Ramesh R B 2467 - Avrukh
Boris 2606 , Biel 2001 It (open) } ) ( 15.f5 b4 16.Nb1 Ne5 17.f6 gxf6 18.gxf6
Bxf6 19.Bg5 Bg7 20.Rg1 Ng6 21.Bh6 Be5 22.h4 Bb7 23.h5 Rfe8 24.hxg6 hxg6 25.Qe2
Na4 26.Nd4 Nc5 27.Bg2 Qa5 28.Qc4 Na4 29.Qd3 Nc5 30.Qc4 { 1/2-1/2, Polugaevsky
Lev A 2585 - Boleslavsky Isaac 2560 , Riga 1958 Ch URS } ) 15...b4 { -0.29 CAP
N } ( 15...Re8 16.h4 b4 17.Ne2 a5 18.Kb1 d5 19.Bxb6 Qxb6 20.exd5 exd5 21.h5 a4
22.Nbd4 b3 23.Nxc6 Qxc6 24.cxb3 axb3 25.a3 Bg4 26.Rc1 Qb6 27.Nc3 Bxa3 28.bxa3
Rxa3 29.Nb5 Ra4 30.h6 Rea8 31.Qb2 Ra1+ 32.Qxa1 Rxa1+ 33.Kxa1 Qf2 34.Bc2 bxc2
35.Nc3 { ...0-1, Prokopchuk Evgeny 2495 - Sherbakov Ruslan 2555 , Maikop 1998
Ch Russia (club) } ) 16.Ne2 a5 17.Nbd4 Nxd4 18.Bxd4 Nc4 19.Bxc4 Qxc4 20.b3 Qc7
21.Ng3 e5 22.Bb2 Bg4 23.Rdf1 Rfc8 24.Rf2 a4 25.h3 { ?! } ( 25.Nf5 { !? }
25...a3 26.Nxe7+ Qxe7 27.Ba1 Rab8 28.Kb1 Rb5 29.f5 { } ) 25...axb3 26.hxg4
bxa2 27.Ba1 b3 28.c3 exf4 29.Qxf4 Qxc3+ { } {#R} 0-1

[Event "Ch Russia (w)"]
[Site "masterchessopen.com Smolensk (Russia)"]
[Date "2007.06.04"]
[Round "3"]
[White "Nebolsina Vera (RUS)"]
[Black "Airapetian Tatevik (RUS)"]
[Result "1-0"]
[WhiteElo "2349"]
[BlackElo "2193"]

1.e4 c5 2.Nc3 Nc6 3.Nf3 d6 4.d4 cxd4 5.Nxd4 Nf6 6.Bg5 e6 7.Qd2 Be7 8.O-O-O O-O
9.f3 a6 10.g4 Qa5 11.Be3 Nxd4 12.Bxd4 b5 13.a3 Rb8 14.Kb1 b4 15.Na2 e5 16.axb4
Qc7 17.Bc3 d5 18.exd5 Rd8 19.Qe1 Bd6 20.g5 Nh5 21.Bd3 Nf4 22.Be4 Rb5 23.h4 Be7
24.Bxe5 Bd6 25.Bxd6 Qxd6 26.c4 Rb8 27.c5 Qd7 28.Qg3 {#r} 1-0

[Event "It \"]
[Site "masterchessopen.com Bad Homburg (Germany)"]
[Date "2007.06.10"]
[Round "7"]
[White "Feldtmann Thomas (GER)"]
[Black "Lebermann Hellmuth (GER)"]
[Result "1-0"]
[WhiteElo "2214"]
[BlackElo "2022"]

1.e4 c5 2.Nf3 d6 3.d4 cxd4 4.Nxd4 Nf6 5.Nc3 Nc6 6.Bg5 e6 7.Qd2 Be7 8.O-O-O d5
9.exd5 Nxd5 10.Bxe7 Ncxe7 11.Nxd5 Qxd5 12.Bb5+ Bd7 13.c4 Qd6 14.Qg5 h6 15.Qxg7
Rg8 16.Qxh6 O-O-O 17.Nc6 {#r} 1-0

[Event "It (open)"]
[Site "masterchessopen.com Sort (Spain)"]
[Date "2007.06.25"]
[Round "1"]
[White "Aswin Jayaram (IND)"]
[Black "Mamedov Nidjat (AZE)"]
[Result "1-0"]
[WhiteElo "2478"]
[BlackElo "2575"]

1.e4 c5 2.Nf3 d6 3.d4 cxd4 4.Nxd4 Nf6 5.Nc3 Nc6 6.Bg5 e6 7.Qd2 Qb6 8.Nb3 Be7
9.O-O-O a6 10.f3 O-O 11.g4 Qc7 12.h4 Rd8 13.Bf4 b5 14.g5 Nh5 15.Bh2 b4 16.Ne2
e5 17.f4 a5 18.Kb1 Bg4 19.Rg1 Bxe2 20.Bxe2 Nxf4 21.Bxf4 exf4 22.Qxf4 a4 23.Nd4
Ne5 24.h5 b3 25.cxb3 axb3 26.a3 Ra4 27.Rc1 Qb7 28.Rgd1 Rb8 29.Nf5 Rxe4
30.Nxe7+ Kf8 31.Qf5 Rxe2 32.Nd5 Qa7 33.Rc8+ {#r} 1-0

[Event "Tournament (b)"]
[Site "masterchessopen.com Matanzas (Cuba)"]
[Date "2007.07.22"]
[Round "14"]
[White "Taboada Fidel (CUB)"]
[Black "Borges Oliver (CUB)"]
[Result "0-1"]
[WhiteElo "1872"]
[BlackElo "2148"]

1.e4 c5 2.Nf3 d6 3.d4 cxd4 4.Nxd4 Nf6 5.Nc3 Nc6 6.Bg5 e6 7.Qd2 Be7 8.O-O-O O-O
9.f3 a6 10.h4 Nxd4 11.Qxd4 Qa5 12.Bd2 Qc5 13.Qd3 b5 14.Be3 Qc6 15.g4 b4 16.Ne2
e5 17.g5 Nh5 18.Bh3 Be6 19.Bg4 Bc4 20.Qd2 Bxe2 21.Qxe2 Ng3 22.Qd2 Nxh1 23.Rxh1
Rab8 24.h5 b3 25.axb3 Rxb3 26.Kb1 Rb5 27.Qf2 Rfb8 28.Bc1 Bxg5 29.Bxg5 Rxb2+
30.Kc1 Rb1+ 31.Kd2 Rxh1 32.Bf6 Rb2 {#R} 0-1

[Event "It (cat.6)"]
[Site "masterchessopen.com Stara Pazova (Serbia)"]
[Date "2007.07.28"]
[Round "5"]
[White "Miljkovic Vladimir (SRB)"]
[Black "Klasan Vladimir (SRB)"]
[Result "0-1"]
[WhiteElo "2217"]
[BlackElo "2276"]

1.e4 c5 2.Nf3 d6 3.d4 cxd4 4.Nxd4 Nf6 5.Nc3 Nc6 6.Bg5 e6 7.Qd2 Be7 8.O-O-O O-O
9.f3 Nxd4 10.Qxd4 Qa5 11.Bd2 Qc7 12.g4 a6 13.h4 b5 14.h5 Nd7 15.g5 Qc5 16.Qxc5
Nxc5 17.Bh3 Bb7 18.Rhg1 d5 19.b4 Na4 20.Nxa4 bxa4 21.e5 Rac8 22.Bf1 d4 23.Rg3
a5 24.a3 Bd5 25.Kb2 Rb8 26.Be1 axb4 27.axb4 Bxb4 28.Bxb4 Rxb4+ 29.Ka3 Rfb8
30.f4 Rb2 31.Rb3 axb3 32.Kxb2 bxc2+ {#R} 0-1

[Event "Ch Europe (for the Blind)"]
[Site "masterchessopen.com Durham (England)"]
[Date "2007.08.21"]
[Round "7"]
[White "Wikman Bengt (FIN)"]
[Black "Znuderl Matej (SLO)"]
[Result "0-1"]
[WhiteElo "1963"]
[BlackElo "2010"]

1.e4 c5 2.Nf3 d6 3.d4 cxd4 4.Nxd4 Nf6 5.Nc3 Nc6 6.Bg5 e6 7.Qd2 Be7 8.f3 a6
9.g4 Nxe4 10.Nxe4 Nxd4 11.Qxd4 Bxg5 12.Qxg7 Bh4+ 13.Ng3 Bf6 14.Qh6 Bxb2 15.Rd1
Qa5+ 16.Kf2 Bd7 17.Ne4 d5 18.Nf6+ Ke7 19.Nxd7 Kxd7 20.Bd3 Qxa2 21.Qf4 Raf8
22.Rb1 b5 23.Qb4 Be5 24.Qc5 Rc8 25.Qe3 Rxc2+ {#R} 0-1

[Event "It (open)"]
[Site "masterchessopen.com Cesenatico (Italy)"]
[Date "2007.09.02"]
[Round "2"]
[White "Casadei Mauro (ITA)"]
[Black "Estremera Panos Sergio (ESP)"]
[Result "0-1"]
[WhiteElo "2169"]
[BlackElo "2400"]

1.e4 c5 2.Nf3 Nc6 3.d4 cxd4 4.Nxd4 Nf6 5.Nc3 d6 6.Bg5 e6 7.Qd2 Be7 8.O-O-O a6
9.f3 O-O 10.h4 Nxd4 11.Qxd4 Qc7 12.Kb1 b5 13.g4 Bb7 14.Be2 Rac8 15.Rd2 Rfd8
16.f4 b4 17.Qxb4 d5 18.Qa4 Bc6 19.Qxa6 Ra8 20.Qd3 dxe4 {#R} 0-1

[Event "Ch Poland (team) (1 liga)"]
[Site "masterchessopen.com Chotowa (Poland)"]
[Date "2007.09.11"]
[Round "9"]
[White "Kowalak Piotr (POL)"]
[Black "Sendera Jaroslaw (POL)"]
[Result "0-1"]
[WhiteElo "2191"]
[BlackElo "2334"]

1.e4 c5 2.Nf3 d6 3.d4 cxd4 4.Nxd4 Nf6 5.Nc3 Nc6 6.Bg5 e6 7.Qd2 Be7 8.O-O-O Qb6
9.Ndb5 O-O 10.Nxd6 Rd8 11.Nxc8 Raxc8 12.Qe1 Rxd1+ 13.Qxd1 Qxf2 14.Qe2 Qb6
15.Qc4 a6 16.Be2 Qc7 17.a4 h6 18.Be3 Nd7 19.g3 Nde5 20.Qb3 Na5 21.Qb6 Bg5
22.Kb1 Bxe3 23.Qxe3 Nac4 24.Bxc4 Nxc4 25.Qe1 b5 26.axb5 axb5 27.Na2 Qa7 28.Qg1
Qa4 29.Nc3 Qb4 30.Qc1 Ra8 31.Na2 Nd2+ {#R} 0-1

[Event "It"]
[Site "masterchessopen.com Tuzla (Bosnia & Herzegovina)"]
[Date "2007.09.23"]
[Round "4"]
[White "Tomic Bosko (BIH)"]
[Black "Elez Sinisa (SRB)"]
[Result "1-0"]
[WhiteElo "2389"]
[BlackElo "2168"]

1.e4 c5 2.Nf3 d6 3.d4 cxd4 4.Nxd4 Nf6 5.Nc3 Nc6 6.Bg5 e6 7.Qd2 h6 8.Bxf6 gxf6
9.O-O-O a6 10.Be2 h5 11.Kb1 Qb6 12.Nxc6 bxc6 13.f4 Rb8 14.b3 c5 15.Bc4 Bd7
16.f5 a5 17.a4 Qb4 18.Qd3 e5 19.Nb5 Bxb5 20.axb5 Be7 21.c3 {#r} 1-0

[Event "Tournament (Elo)"]
[Site "masterchessopen.com Ulan Ude (Russia)"]
[Date "2007.09.24"]
[Round "8"]
[White "Pushkarev Dmitry (RUS)"]
[Black "Dondukov Sengdorji (RUS)"]
[Result "1-0"]
[WhiteElo "2369"]
[BlackElo "2187"]

1.e4 c5 2.Nf3 d6 3.d4 cxd4 4.Nxd4 Nf6 5.Nc3 Nc6 6.Bg5 e6 7.Qd2 Be7 8.O-O-O Qb6
9.Bxf6 Bxf6 10.Nxc6 bxc6 11.Na4 Qb7 12.Qxd6 Rb8 13.e5 Be7 14.Qd4 O-O 15.Bd3
Rd8 16.Qe4 g6 17.h4 Qb4 18.c3 Qa5 19.h5 c5 20.hxg6 hxg6 21.Qg4 Rxd3 22.Rxd3 c4
23.Rdh3 Qxe5 24.Rh8+ Kg7 25.R1h7+ Kf6 26.Qh4+ g5 27.Qh6+ Kf5 28.Rxf7+ Bf6 {#r}
1-0

[Event "Ch St. Petersburg (juniors) (under 18) (g)"]
[Site "masterchessopen.com St. Petersburg (Russia)"]
[Date "2007.10.10"]
[Round "6"]
[White "Sokolova Vera (RUS)"]
[Black "Rumiantseva Maria (RUS)"]
[Result "0-1"]
[WhiteElo "2009"]
[BlackElo "2068"]

1.e4 c5 2.Nf3 Nc6 3.d4 cxd4 4.Nxd4 Nf6 5.Nc3 d6 6.Bg5 e6 7.Qd2 Be7 8.O-O-O O-O
9.Ndb5 Qa5 10.Qf4 a6 11.Bxf6 Bxf6 12.a3 axb5 13.Nxb5 Nd4 14.b4 Qa4 15.Nxd4
Qxa3+ 16.Kd2 Bxd4 17.Bd3 Qxb4+ 18.Ke2 e5 19.Qg5 Qb6 20.Rdf1 Qd8 21.Qg3 {#R}
0-1